000 00865nas a2200265 4500
001 BR0904212
003 BR-BrBNA
005 20231205113253.0
007 ta
008 230509b bl.|||p| |||| 00| 00por d
040 _aBR-BrBNA
_bpor
_cBiblioteca Nacional de Agricultura
041 _a(Pt)
072 _aL73; L53
100 1 _aMineiro, A.L.B.B.
100 1 _aBezerra, E.E.A.
100 1 _aVasconcellos, S.A.
100 1 _aCosta, F.A.L.
100 1 _aMacedo, N.A.
245 1 _aInfecção por leptospira em bovinos e sua associação com transtornos reprodutivos e condições climáticas
650 _aBOVINO
650 _aLEPTOSPIROSE
773 0 _tArquivo Brasileiro de Medicina Veterinária e Zootecnia (Brazil)
_xISSN 0102-0935
_g(Oct 2007), v. 59(5) p. 1103-1109
_wBR0904212
909 _a202311
_bLúcia
_c55
_dLúcia Elande
942 _2AGRIS
_n0
_cANA
999 _c202819
_d202819